1411 1061 1304 1401 1918 1342 1437 1206 1651 1359 1942 1189 1867 1760 1250 1059 1702 1585 1462 1662 1386 1556 1480 1472 1189 1077 1630 1182 1854 1212 1658 1765 1392 1366 1336 1235 1031 1545 1554 1643 1848 1874 1987 1974 1999 1944 1457 1014 1058 1705 1408 1116 1731 1952 1679 1026 1314 1003 1957 1141 1162 1611 1795 1470 1005 1246 1113 1855 1024 1128 1401 1229 1056 1016 1209 1969 1244 1993 1205 1891 1636 1625 1500 1595 1286 1228 1880 1402 1690 1950 1577 1272 1498 1859 1727 1915 1887 1113 1019 BCNSPRNW ULIB Ver.6.0+V

เปลี่ยนเป็นภาษาไทย

Change to English
 แสดงรายละเอียดบรรณานุกรม
  กลับหน้าหลัก

Brief Record : Get Marc (ISO 2709) : E-mail record : QR code < ปิดหน้าต่าง
LEADER : 00000nam 2200000uu 4500
001    13399124993
003     ULIB
008    160527s2000||||th 000 0 eng d
020    ^a080892186X
020    ^a0721662544
020    ^a0721682618
060  4 ^aW3^bD73
245 00 ^aDorland^'s illustrated medical dictionary. /^cWilliamAlexander Dorland
246 30 ^aIllustrated medical dictionary
250    ^a29th ed.
260    ^aPhiladelphia :^bW.B. Saunders,^c2000
300    ^axxiii, 2088 p. :^bill. ;^c29 cm.
500    ^aSend to Single Search
650  2 ^aDictionaries, Medical
650  2 ^aReference Books, Medical
700 1  ^aDorland, W.A. Newman^q(William Alexander Newman),^d1864-1956
945    ^p0^l0^i23716
999    ^aทศพร เกษรทอง
รายการนี้ยังไม่มีแท็ก
คุณยังไม่ได้ล็อกอิน คุณสามารถมีกิจกรรมร่วมกับเว็บไซต์ได้ แต่ต้องล็อกอินก่อน ::
  ล็อกอิน

รายการสื่อสารสนเทศ

ลำดับที่ ประเภท เลขเรียก/บาร์โค้ด สถานที่ สถานะ
1. วิทยาศาสตร์การแพทย์ และสุขภาพ
วิทยาศาสตร์การแพทย์ และสุขภาพ
W3 D73 ฉ.1 
  Barcode: 23716
ห้องสมุดวิทยาเขตนครสวรรค์
►หนังสือทั่วไป:l:General Books
บนชั้น

รายการใกล้เคียง
    หัวเรื่อง [Dictionaries, Medical]
    หัวเรื่อง [Reference Books, Medical]

BibComment


ยังไม่เคยถูกคอมเมนท์

คอมเมนท์ทรัพยากรรายการนี้
  คอมเมนท์: Dorlands illustr..


 Copyright 2026. Bcnsprnw @Library